1131 1683 1954 1294 1623 1117 1479 1944 1929 1671 1719 1850 1250 1632 1449 1622 1274 1654 1113 1520 1083 1809 1252 1313 1203 1001 1826 1195 1721 1059 1019 1749 1987 1521 1351 1837 1679 1998 1398 1112 1294 1525 1965 1195 1548 1854 1937 1862 1006 1023 1424 1792 1506 1033 1100 1507 1259 1513 1752 1909 1964 1868 1366 1823 1111 1729 1707 1638 1311 1117 1816 1805 1656 1299 1026 1707 1971 1890 1303 1708 1559 1950 1959 1479 1257 1680 1221 1148 1803 1284 1655 1819 1567 1962 1421 1284 1106 1247 1821 BCNSPRNW ULIB Ver.6.0+V

เปลี่ยนเป็นภาษาไทย

Change to English
 แสดงรายละเอียดบรรณานุกรม
  กลับหน้าหลัก

Brief Record : Get Marc (ISO 2709) : E-mail record : QR code < ปิดหน้าต่าง
LEADER : 00000nam 2200000uu 4500
001    13399111131
003     ULIB
008    110616s||||||||th 000 0 tha d
050  4 BF598^bพ361ค 2544
110 1  กระทรวงสาธารณสุข^bสำนักงานปลัดกระทรวงสาธารณสุข^bสถาบันพระบรมราชชนก
245 10 การพัฒนาคุณลักษณะตนเอง หน่วยการเรียนที่ 3 การพัฒนาคุณลักษณะตนเองด้านสังคม /^cสถาบันพระบรมราชชนก
260    กรุงเทพฯ :^bสถาบันพระบรมราชชนก,^c2544
300    75 หน้า
650  7 มนุษยสัมพันธ์
650  7 มารยาทสังคม
945    ^p0^l0^i013599
945    ^p0^l0^i013600
945    ^p0^l0^i013552
995    ทศพร
999 ^a ใช้งานได้ทุกระบบ
รายการนี้ยังไม่มีแท็ก
คุณยังไม่ได้ล็อกอิน คุณสามารถมีกิจกรรมร่วมกับเว็บไซต์ได้ แต่ต้องล็อกอินก่อน ::
  ล็อกอิน

รายการสื่อสารสนเทศ

ลำดับที่ ประเภท เลขเรียก/บาร์โค้ด สถานที่ สถานะ
- ไม่พบข้อมูล -

รายการใกล้เคียง
    หัวเรื่อง [มนุษยสัมพันธ์]
    หัวเรื่อง [มารยาทสังคม]

BibComment


ยังไม่เคยถูกคอมเมนท์

คอมเมนท์ทรัพยากรรายการนี้
  คอมเมนท์: การพัฒนาคุณลักษณะ..


 Copyright 2026. Bcnsprnw @Library